Statistics for Millie Bobby Brown - Roles by Picture

Click here to take the quiz!

General Stats

  • This quiz has been taken 52 times
  • The average score is 3 of 7

Answer Stats

Answer% Correct
Eleven
89%
Enola Holmes
81%
Young Alice
64%
Madison Russell
40%
Ruby
23%
Madison O'Donnell
21%
Rachel Barnes
17%

Score Distribution

Percentile by Number Answered

Percent of People with Each Score

Your Score History

You have not taken this quiz